000
00314nam a2200145Ia 4500
008
191201s2019 xx 000 0 und d
020
_a
9386858657
082
_a
658 JOT
100
_a
JOSHI, Gowri
245
0
_a
Talent Management
260
_b
Cangage
_c
2019
300
_a
345
650
_a
MBA
942
_2
ddc
_c
BK
999
_c
7073
_d
7073